The talking T. Rex #20 / by Ron Roy ; illustrated ... Read More
Record details
- ISBN: 9780375813696 (pbk.)
- ISBN: 0375913696
- ISBN: 9780375913693
- ISBN: 0375813691 (pbk.)
- Physical Description: 84 p. : ill. ; 20 cm.
- Edition: 1st ed.
- Publisher: New York : Random House, c2003.
Content descriptions
| General Note: | "A stepping stone book." |
| Summary, etc.: | Dink, Josh, and Ruth Rose investigate the theft of ... Read More |
Search for related items by subject
| Subject: | Robbers and outlaws > Juvenile fiction. Fourth of July > Juvenile fiction. Robbers and outlaws > Fiction. Fourth of July > Fiction. Mystery and detective stories. |
| Genre: | Detective and mystery stories. |
Search for related items by series
| LDR | 02053cam a2200481 a 4500 | ||
|---|---|---|---|
| 001 | 49742 | ||
| 003 | LARL_NWRL_CONSORTIUM | ||
| 005 | 20130808104112.0 | ||
| 008 | 020917s2003 nyua b 000 1 eng | ||
| 019 | . | ‡a223435727 | |
| 020 | . | ‡a9780375813696 (pbk.) | |
| 020 | . | ‡a0375913696 | |
| 020 | . | ‡a9780375913693 | |
| 020 | . | ‡a0375813691 (pbk.) | |
| 035 | . | ‡a(OCoLC)50676721 ‡z(OCoLC)223435727 | |
| 042 | . | ‡alcac | |
| 082 | 0 | 4. | ‡a[Fic] ‡221 |
| 100 | 1 | . | ‡aRoy, Ron, ‡d1940- ‡0(LARL_NWRL_CONSORTIUM)52571 |
| 245 | 1 | 4. | ‡aThe talking T. Rex ‡n#20 / ‡cby Ron Roy ; illustrated by John Steven Gurney. |
| 250 | . | ‡a1st ed. | |
| 260 | . | ‡aNew York : ‡bRandom House, ‡cc2003. | |
| 300 | . | ‡a84 p. : ‡bill. ; ‡c20 cm. | |
| 490 | 0 | . | ‡aA to Z mysteries ; ‡v20 |
| 500 | . | ‡a"A stepping stone book." | |
| 520 | . | ‡aDink, Josh, and Ruth Rose investigate the theft of a great deal of money from the belly of a nearly life-size Tyrannosaurus Rex model that their friend, Jud Wheat, is using to raise money for a dinosaur museum. | |
| 650 | 0. | ‡aRobbers and outlaws ‡vJuvenile fiction. | |
| 650 | 0. | ‡aFourth of July ‡vJuvenile fiction. | |
| 650 | 1. | ‡aRobbers and outlaws ‡vFiction. | |
| 650 | 1. | ‡aFourth of July ‡vFiction. | |
| 650 | 1. | ‡aMystery and detective stories. ‡0(LARL_NWRL_CONSORTIUM)176113 | |
| 655 | 0. | ‡aDetective and mystery stories. | |
| 700 | 1 | . | ‡aGurney, John Steven, ‡d1962- ‡eill. ‡0(LARL_NWRL_CONSORTIUM)82730 |
| 901 | . | ‡a49742 ‡bOCLC ‡c49742 ‡tbiblio | |

Add to basket
Permalink
Disable Highlighting